000
00246nam a2200097Ia 4500
008
230508s2005 xx 000 0 und d
041
_a
eng
100
_a
MODI, SETH
245
_a
HYDRAULICS AND FLUID MECHANICS
260
_b
STANDERD BOOK HOUSE
_c
2005
999
_c
339541
_d
339541